MARC

LEADER 00000nam0a2200000 4500
001 152047
005 20231031150907.0
010 |a 5020286419 
035 |a (RuTPU)RU\TPU\book\164870 
090 |a 152047 
100 |a 20090128d1989 k y0rusy50 ca 
101 0 |a rus 
102 |a RU 
105 |a a z 001zy 
200 1 |a Физика интенсивных пучков в накопителях  |f Н. С. Диканский, Д. В. Пестриков  |g Академия наук СССР (АН СССР), Сибирское отделение (СО), Институт ядерной физики им. Г. И. Будкера (ИЯФ) 
210 |d 1989  |a Новосибирск  |c Наука 
215 |a 336 с.  |c ил. 
320 |a Библиогр.: с. 325-330. 
320 |a Предметный указатель: с. 331-334. 
610 1 |a ядерная физика 
610 1 |a заряженные частицы 
610 1 |a интенсивные пучки 
610 1 |a накопители 
610 1 |a движение 
610 1 |a колебания 
610 1 |a неустойчивость 
610 1 |a эффекты 
675 |a 621.384.665  |v 3 
700 1 |a Диканский  |b Н. С.  |g Николай Сергеевич 
701 1 |a Пестриков  |b Д. В.  |g Дмитрий Васильевич 
712 0 2 |a Академия наук СССР (АН СССР)  |b Сибирское отделение (СО)  |b Институт ядерной физики им. Г. И. Будкера (ИЯФ)  |c (Новосибирск)  |2 stltpush  |3 (RuTPU)RU\TPU\col\12176 
801 1 |a RU  |b 63413507  |c 20090128  |g PSBO 
801 2 |a RU  |b 63413507  |c 20151221  |g RCR 
942 |c BK